000 00897na a2200265 4500
001 23946
003 MIRAKIL
005 20181213155324.0
008 180126b tu 000 0
040 _aMilas
_btur
_cTR-AnCHP
041 _atur
082 _a330.9561
_bD54y [200?]
090 _a330.9561 D54y [200?]
100 _aDileyici, Dilek
245 _aYeni yüzyıl ve yeni Türkiye
_b21. yüzyılda ekonomik boyutlarıyla yeni bir Türkiye projesi
_cDilek Dileyici, Özlem Özkıvrak
246 _a21. yüzyılda ekonomik boyutlarıyla yeni bir Türkiye projesi
260 _a[y.y.]
_b[yayl.y.]
_c[200?]
300 _a90 s.
_btbl. , hrt.
_c30 sm.
504 _aKaynakça var.
650 _aEkonomik durum
_xTürkiye
650 _aEkonomi
_xTürkiye
700 _aÖzkıvrak, Özlem
740 _a21. yüzyılda ekonomik boyutlarıyla yeni bir Türkiye projesi
942 _2ddc
_cBKS
999 _c10513
_d10513